Một số phương pháp giải phương trình, bất phương trình mũ và logarit

Nghiên cứu và tìm hiểu các bài toán về phương trình, hệ phương trình, bất phương trình mũ và logarit, vận dụng các phương pháp thích hợp trong đại số, giải tích để giải các bài toán nêu trên trong chương trình phổ thông trung học.

Tallennettuna:
Bibliografiset tiedot
Päätekijä: Võ Thị Cẩm Vân
Muut tekijät: Trần Đạo Dõng PGS.TS (Hướng dẫn)
Aineistotyyppi: Kirja
Kieli:Vietnamese
Julkaistu: Đà Nẵng Đại học Đà Nẵng 2016
Aiheet:
Tagit: Lisää tagi
Ei tageja, Lisää ensimmäinen tagi!
Thư viện lưu trữ: Mạng thư viện Đại học Đà Nẵng
LEADER 01898nam a2200385 4500
001 000024413
003 20901
005 20161223091254.0
008 161208s2016 viesd
041 |a vie 
082 1 4 |a 512.92  |b VO-V 
100 1 |a Võ Thị Cẩm Vân 
245 1 0 |a Một số phương pháp giải phương trình, bất phương trình mũ và logarit  |c Võ Thị Cẩm Vân ; Trần Đạo Dõng hướng dẫn  |k Luận văn tốt nghiệp 
260 |a Đà Nẵng  |b Đại học Đà Nẵng  |c 2016 
300 |a 86 tr. ; phụ lục 3 tr.  |c 29 cm.  |e Tóm tắt 
500 |a Luận văn Thạc sĩ Khoa Học. Chuyên ngành : Phương pháp toán sơ cấp. Mã số: 60 46 01 13 
520 3 |a Nghiên cứu và tìm hiểu các bài toán về phương trình, hệ phương trình, bất phương trình mũ và logarit, vận dụng các phương pháp thích hợp trong đại số, giải tích để giải các bài toán nêu trên trong chương trình phổ thông trung học. 
650 0 4 |a Phương trình  |v Luận văn thạc sĩ  |x Nghiên cứu 
650 0 4 |a Bất phương trình  |v Luận văn thạc sĩ  |x Nghiên cứu 
653 |a Bất phương trình mũ 
653 |a Phương trình logarit 
653 |a Phương pháp toán sơ cấp 
653 |a Bất phương trình logarit 
653 |a Phương trình mũ 
700 1 |a Trần Đạo Dõng  |c PGS.TS  |e Hướng dẫn 
OWN |a LSP 
AVA |a UDN50  |b LSP  |d 512.92 VO-V  |e available  |t Error 5001 Not defined in file expand_doc_bib_avail.  |f 1  |g 0  |h N  |i 0  |k 1 
999 |a From the UDN01 
AVA |a UDN50  |b LSP  |d 512.92 VO-V  |e available  |t Error 5001 Not defined in file expand_doc_bib_avail.  |f 1  |g 0  |h N  |i 0  |k 1 
TYP |a Monograph 
TYP |a Printed language 
980 |a Mạng thư viện Đại học Đà Nẵng